000 00499nam a2200181Ia 4500
005 20250326123512.0
008 250326s9999 xx 000 0 und d
037 _aTextbook
040 _aFMSL
_beng
_cFMSL
041 _aeng
_2eng
084 _aX:51:(SNI) M1
_qFMSL
100 _aWilliams
_9507285
245 0 _aBehavioural aspect of marketing
_cWILLIAMS
260 _aLondon
_bLondon, Heinmann
_c1981
300 _a244p
942 _cTB
_hX:51:(SNI) M1
999 _c1269644
_d1269644